| 000 | 00667nam a2200205Ia 4500 | ||
|---|---|---|---|
| 001 | 14788 | ||
| 003 | GE_BSU | ||
| 008 | 181216s||||||||xx |||||||||||||| ||und|| | ||
| 040 | _cGE_BSU | ||
| 080 | _a530(075.3) | ||
| 100 | _aАрсенин,Василий Яковлевич | ||
| 245 | _aМетоды математической физики и специальные функции | ||
| 245 | _cРед.А.Чистопольский | ||
| 260 | _aМосква | ||
| 260 | _bНаука | ||
| 260 | _c1974 | ||
| 300 | _a430стр.20см. | ||
| 653 | _aМетоды математической физики и специальные функции | ||
| 942 | _cBK | ||
| 999 |
_c47911 _d47911 |
||